|
|
|
|
| LEADER |
00000nam0a2200000 4500 |
| 001 |
356218 |
| 005 |
20231102010855.0 |
| 035 |
|
|
|a (RuTPU)RU\TPU\retro\13478
|
| 090 |
|
|
|a 356218
|
| 100 |
|
|
|a 20200716d1936 m y0rusy50 ca
|
| 101 |
1 |
|
|a rus
|c fre
|
| 102 |
|
|
|a RU
|
| 105 |
|
|
|a b z 000zy
|
| 200 |
1 |
|
|a Собрания сочинений
|e в 7 т.
|h Т. 4
|i Путешествие в Конго. Возвращение с озера Чад. Критические статьи.
|e пер. с фр.
|f А. Жид
|g пер. А. А. Франковского
|
| 210 |
|
|
|a Ленинград
|c Государственное издательство "Художественная литература"
|d 1936
|
| 215 |
|
|
|a 460 с.
|c ил.
|
| 606 |
1 |
|
|a Французская литература
|x Произведения
|2 stltpush
|3 (RuTPU)RU\TPU\subj\64346
|9 81252
|
| 610 |
1 |
|
|a проза
|
| 610 |
1 |
|
|a романы
|
| 610 |
1 |
|
|a путешествия
|
| 675 |
|
|
|a 84
|v 4
|
| 700 |
|
1 |
|a Жид
|b А.
|c французский писатель
|c Нобелевский лауреат
|f 1869-1951
|g Андре
|2 stltpush
|3 (RuTPU)RU\TPU\pers\21202
|9 8850
|
| 702 |
|
1 |
|a Франковского
|b А. А.
|4 730
|
| 801 |
|
1 |
|a RU
|b 63413507
|c 20200716
|
| 801 |
|
2 |
|a RU
|b 63413507
|c 20200721
|g RCR
|
| 942 |
|
|
|c BK
|